| Tag |
First Indicator |
Second Indicator |
Subfields |
| LEADER |
00000cam a2200000 i 4500 |
| 001 |
in00004364021 |
| 005 |
20211216121301.0 |
| 006 |
m o d f |
| 007 |
cr ||||||||||| |
| 008 |
210909s2019 mdu ob f000 0 eng c |
| 035 |
|
|
|a (OCoLC)on1267638474
|
| 042 |
|
|
|a pcc
|
| 043 |
|
|
|a n-us---
|
| 040 |
|
|
|a GPO
|b eng
|e rda
|e pn
|c GPO
|d MvI
|
| 049 |
|
|
|a WWW
|
| 074 |
|
|
|a 0497-D-01 (online)
|
| 086 |
0 |
|
|a HE 20.402:C 73/3
|
| 245 |
0 |
0 |
|a Civil commitment and the mental health care continuum :
|b historical trends and principles for law and practice.
|
| 264 |
|
1 |
|a Rockville, MD :
|b Substance Abuse and Mental Health Services Administration,
|c 2019.
|
| 300 |
|
|
|a 1 online resource (38 pages)
|
| 336 |
|
|
|a text
|b txt
|2 rdacontent
|
| 337 |
|
|
|a computer
|b c
|2 rdamedia
|
| 338 |
|
|
|a online resource
|b cr
|2 rdacarrier
|
| 588 |
|
|
|a Description based on online resource, PDF version; title from cover (SAMHSA, viewed August 9, 2021).
|
| 504 |
|
|
|a Includes bibliographical references (pages 35-38).
|
| 536 |
|
|
|a Prepared for the Substance Abuse and Mental Health Services Administration (SAMHSA)
|b HHSS2832017000751
|b HHSS28342001T
|
| 650 |
|
0 |
|a Mentally ill
|x Commitment and detention
|x History.
|
| 650 |
|
0 |
|a Mentally ill
|x Commitment and detention
|z United States.
|
| 650 |
|
0 |
|a Mental health laws
|z United States.
|
| 650 |
|
0 |
|a Involuntary treatment
|z United States.
|
| 650 |
|
0 |
|a Mental health facilities
|x Admission and discharge
|z United States.
|
| 650 |
|
0 |
|a Psychiatric hospitals
|x Admission and discharge
|z United States.
|
| 710 |
1 |
|
|a United States.
|b Substance Abuse and Mental Health Services Administration,
|e issuing body.
|
| 856 |
4 |
0 |
|u https://purl.fdlp.gov/GPO/gpo158665
|t 0
|
| 999 |
f |
f |
|s ad4fca26-60fd-395f-86ea-9540b8f4326a
|i f2648721-2928-3e69-9275-3f08c4730153
|t 0
|
| 952 |
f |
f |
|a Texas A&M University
|b College Station
|c Electronic Resources
|d Available Online
|t 0
|e HE 20.402:C 73/3
|h Superintendent of Documents classification
|
| 998 |
f |
f |
|a HE 20.402:C 73/3
|t 0
|l Available Online
|